Sören Kierkegaard (Record no. 127947)

MARC details
000 -LEADER
campo de control de longitud fija 00576nam a2200169 i 4500
001 - NÚMERO DE CONTROL
campo de control 127947
003 - IDENTIFICADOR DE NÚMERO DE CONTROL
campo de control ES-MaACL
005 - FECHA Y HORA DE LA ÚLTIMA TRANSACCIÓN
campo de control 20230906193127.0
007 - CAMPO FIJO DE DESCRIPCIÓN FÍSICA--INFORMACIÓN GENERAL
campo de control de longitud fija t|
008 - DATOS DE LONGITUD FIJA--INFORMACIÓN GENERAL
campo de control de longitud fija 070214s1949 ag r ||||1| spa d
100 1# - ENTRADA PRINCIPAL--NOMBRE DE PERSONA
Nombre de persona Rivero Astengo, Agustín P.
9 (RLIN) 97691
245 10 - MENCIÓN DEL TÍTULO
Título Sören Kierkegaard
Resto del título : el buscador de Dios : (ensayo histórico-filosófico) /
Mención de responsabilidad, etc. Agustín P. Rivero Astengo.
260 ## - PUBLICACIÓN, DISTRIBUCIÓN, ETC.
Lugar de publicación, distribución, etc. Buenos Aires :
Nombre del editor, distribuidor, etc. Emecé,
Fecha de publicación, distribución, etc. 1949.
300 ## - DESCRIPCIÓN FÍSICA
Extensión 101 p., 1 lám. = retr. aut. ;
Dimensiones 18 cm.
600 14 - PUNTO DE ACCESO ADICIONAL DE MATERIA--NOMBRE DE PERSONA
Nombre de persona Kierkegaard, Søren (
Fechas asociadas al nombre 1813-1855)
9 (RLIN) 68014
852 ## - LOCALIZACIÓN
Ubicación ES-MaACL
Número de control de estantería B-7386
Sublocalización o colección R.29304
Holdings
Estatus retirado Estado de pérdida Estado de daño No para préstamo Biblioteca de origen Biblioteca actual Ubicación en estantería Fecha de adquisición Fuente de adquisición Total de préstamos Signatura topográfica completa Código de barras Visto por última vez Precio de reemplazo Tipo de ítem Koha
        Biblioteca del Ateneo de Madrid Biblioteca del Ateneo de Madrid Sala Pardo Bazán 17/01/2008     B-7386 1133261 23/02/2023 23/02/2023 Libro impreso